Mientras sale la luna (Record no. 197724)

MARC details
000 -LEADER
campo de control de longitud fija 01460nam a22003854c 4500
001 - NÚMERO DE CONTROL
campo de control 197724
003 - IDENTIFICADOR DE NÚMERO DE CONTROL
campo de control SpMaBN
005 - FECHA Y HORA DE LA ÚLTIMA TRANSACCIÓN
campo de control 20250911063612.0
008 - DATOS DE LONGITUD FIJA--INFORMACIÓN GENERAL
campo de control de longitud fija 250708s2023 sp | |||| 000 d spa
015 ## - NÚMERO DE BIBLIOGRAFÍA NACIONAL
Número de bibliografía nacional MON23
017 ## - NÚMERO DE COPYRIGHT O DE DEPÓSITO LEGAL
Número de copyright o de depósito legal SE 2543-2023
Agencia que asigna Oficina Depósito Legal Sevilla
020 ## - NÚMERO INTERNACIONAL ESTÁNDAR DEL LIBRO
Número Internacional Estándar del Libro 9788410148123
035 ## - NÚMERO DE CONTROL DEL SISTEMA
Número de control de sistema (SpMaBN)a7490913
035 ## - NÚMERO DE CONTROL DEL SISTEMA
Número de control de sistema (OCoLC)1428969072
040 ## - FUENTE DE CATALOGACIÓN
Centro catalogador/agencia de origen SpMaBN
Lengua de catalogación spa
Centro/agencia transcriptor SpMaBN
Normas de descripción rda
080 ## - NÚMERO DE LA CLASIFICACIÓN DECIMAL UNIVERSAL
Número de la Clasificación Decimal Universal 821.134.2-2"19"
100 0# - ENTRADA PRINCIPAL--NOMBRE DE PERSONA
Nombre de persona Bastid, Ricardo,
Fechas asociadas al nombre 1919-1966
Relación aut
9 (RLIN) 26367
245 10 - MENCIÓN DEL TÍTULO
Título Mientras sale la luna
Mención de responsabilidad, etc. Ricardo Bastid ; edición de Pablo Allepuz y Óscar Chaves
264 #1 - PRODUCCIÓN, PUBLICACIÓN, DISTRIBUCIÓN, FABRICACIÓN Y COPYRIGHT
Producción, publicación, distribución, fabricación y copyright Valencina de la Concepción (Sevilla)
Nombre del de productor, editor, distribuidor, fabricante Renacimiento,
Fecha de producción, publicación, distribución, fabricación o copyright [2023]
264 #4 - PRODUCCIÓN, PUBLICACIÓN, DISTRIBUCIÓN, FABRICACIÓN Y COPYRIGHT
Fecha de producción, publicación, distribución, fabricación o copyright ©2023
300 ## - DESCRIPCIÓN FÍSICA
Extensión 207 páginas
Dimensiones 17 cm
336 ## - TIPO DE CONTENIDO
Término de tipo de contenido Texto
Fuente rdacontent
337 ## - TIPO DE MEDIO
Nombre/término del tipo de medio sin mediación
Fuente rdamedia
338 ## - TIPO DE SOPORTE
Nombre/término del tipo de soporte volumen
Fuente rdacarrier
490 0# - MENCIÓN DE SERIE
Mención de serie Biblioteca del Exilio.
-- Serie Menor
Designación de volumen o secuencia 9
655 #0 - TERMINO DE INDIZACIÓN--GENERO/FORMA
Datos o término principal de género/forma Teatro
9 (RLIN) 234794
700 1# - ENTRADA AGREGADA--NOMBRE PERSONAL
Nombre de persona Allepuz, Pablo
9 (RLIN) 175820
Término indicativo de función/relación Editor
700 1# - ENTRADA AGREGADA--NOMBRE PERSONAL
Nombre de persona Chaves Amieva, Óscar
9 (RLIN) 175821
Término indicativo de función/relación Editor literario
852 ## - LOCALIZACIÓN
Ubicación ES-MaACL
Ubicación en estantería Depósito J
Número de control de estantería N-10656
Anotaciones manuscritas Dedicatoria autógrafa de Óscar Chaves Amieva
Donativo/Legado Donación: Óscar Chaves Amieva
Encuadernación Encuaderanción Rustica
Nota libre En Proceso
itemnumber 206782
903 ## - NOMBRE PERSONAL DE DONANTE
9 175821
a Chaves Amieva, Óscar
e Donante
942 ## - ELEMENTOS DE ENTRADA SECUNDARIOS (KOHA)
Fuente del sistema de clasificación o colocación Clasificación decimal universal
Tipo de ítem Koha Libro impreso
Suprimir en OPAC No
Holdings
Estatus retirado Estado de pérdida Fuente del sistema de clasificación o colocación Estado de daño No para préstamo Biblioteca de origen Biblioteca actual Ubicación en estantería Fecha de adquisición Fuente de adquisición Total de préstamos Signatura topográfica completa Código de barras Visto por última vez Precio de reemplazo Tipo de ítem Koha
    Clasificación decimal universal     Biblioteca del Ateneo de Madrid Biblioteca del Ateneo de Madrid Depósito J 09/09/2025 Donación   N-10656 2025-1158 09/09/2025 09/09/2025 Libro impreso